Histoire naturelle des êtres vivants ...

Gespeichert in:
Bibliographische Detailangaben
1. Verfasser: Aubert, Ephrem
Format: keine Angabe
Sprache:Französisch
Erschienen: Paris Librairie classique de F E André-Guédon, E André Fils, successeur [sa]
Ausgabe:11e éd., entièrement refondue
Katalog:MANES:  Suchergebnis im Bibliothekskatalog
Schulbuchspezifische Eigenschaften:
Tags: Tag hinzufügen
Keine Tags, Fügen Sie den ersten Tag hinzu!
Hinzugefügt zu:26.04.2016
Geändert in:29.01.2026

MARC

LEADER 000000000a22000000004500
001 34054
003 OSt
005 20260129165831.0
008 160427s fr ||||| |||| 00| 0 fre d
040 |a manes  |c manes 
041 |a Francés 
100 1 |a Aubert, Ephrem  |9 19438 
245 0 0 |a Histoire naturelle des êtres vivants ... 
250 |a 11e éd., entièrement refondue 
260 3 |a Paris  |b Librairie classique de F E André-Guédon, E André Fils, successeur  |c [sa] 
300 |c 22 cm 
500 |a En v. de anteportada consta: Programmes de 1902. T. 1, fascicule II: Cours d'anatomie & physiologie végétales (XI, 308 p.).  |a Signatura Topográfica: 755. Enc. cart., cub. original. Sellos en portada: "Instituto-Escuela de Segunda Enseñanza, Madrid" y "Junta para Ampliación de Estudios, Madrid". Contiene sólo el fascículo II del Tomo I.  
690 |a CN 
691 0 |a SE 
942 |2 ddc  |c BK 
546 |a España 
999 |c 41016  |d 41016 
999 |c manes:41016  |d 41016